| 000 | 01172 a2200217 4500 | ||
|---|---|---|---|
| 003 | Nust | ||
| 005 | 20221118174258.0 | ||
| 010 | _a 86026542 | ||
| 020 | _a0201095181 : | ||
| 040 | _cNust | ||
| 082 | 0 | 0 | _a621.38043,STR |
| 100 | 1 |
_aStrum, Robert D. _9103099 |
|
| 245 | 1 | 0 |
_aFirst principles of discrete systems and digital signal processing / _cRobert D. Strum, Donald E. Kirk. |
| 260 |
_aReading, Mass. : _bAddison-Wesley, _cc1988. |
||
| 300 |
_axv, 848 p. : _bill. ; _c25 cm. |
||
| 440 | 0 |
_aAddison-Wesley series in electrical engineering _996383 |
|
| 505 | _aIntroduction (Page-1), Signals and Systems (Page-17), Linear Time Invariant Systems (Page-77), Frequency Response and Filters (Page-165), Frequency Response- A Graphical Method (Page-243), Transforms (Page-281), Discrete Fourier Transform (Page-363), The fast Transform (Page-493), No recursive Filter Design (Page-529), Recursive Filter Design (Page-611), Structures State Equations and Applications (Page-721), Appendices (Page-791), Answers to Selected Problems (Page-833). | ||
| 650 | 0 |
_aSignal processing _xDigital techniques. _955548 |
|
| 700 | 1 |
_aKirk, Donald E., _d1937- _9103100 |
|
| 942 |
_2ddc _cBK |
||
| 999 |
_c180827 _d180827 |
||